000 00275nam a22001217a 4500
008 170413b xxu||||| |||| 00| 0 eng d
041 _aeng
080 _24 ED
_a618
100 _a10
101 _aSHM
245 _aOBSTETRICS AND GYNECOLOGY
_cDANFORTH.D.N
942 _2udc
_cBK
999 _c10618
_d10618